Syn nekonečna /

Fantasy román o dvou bratrech vržených do víru magických válek.

Main Author: Silvera, Adam, 1990-
Other Authors: Hajžmanová, Kateřina, 1993-
Language: Czech
Published: V Praze : CooBoo, 2021
Edition: 1. vydání
Physical Description: 356 stran ; 20 cm
Book
Saved in:
LEADER 02039nam a2200445 i 4500
001 nkc20213344656
003 CZ PrNK
005 20210921115529.0
007 ta
008 210723s2021 xr g 000 f cze
015 |a cnb003344656 
020 |a 978-80-7661-239-6  |q (brožováno) :  |c Kč 399,00 
035 |a (OCoLC)1267680462 
040 |a ABG001  |b cze  |e rda 
041 1 |a cze  |h eng 
072 7 |a 821.111(73)-3  |x Americká próza  |2 Konspekt  |9 25 
080 |a 821.111(73)-31  |2 MRF 
080 |a (0:82-312.9)  |2 MRF 
100 1 |a Silvera, Adam,  |d 1990-  |7 xx0222663  |4 aut 
240 1 0 |a Infinity son.  |l Česky 
245 1 0 |a Syn nekonečna /  |c Adam Silvera ; přeložila Kateřina Stupková 
250 |a 1. vydání 
264 1 |a V Praze :  |b CooBoo,  |c 2021 
300 |a 356 stran ;  |c 20 cm 
336 |a text  |b txt  |2 rdacontent 
337 |a bez média  |b n  |2 rdamedia 
338 |a svazek  |b nc  |2 rdacarrier 
500 |a Přeloženo z angličtiny 
520 2 |a Fantasy román o dvou bratrech vržených do víru magických válek.  |b Bratři Emil a Brighton vyrůstali v New Yorku a odjakživa si idealizovali Kouzlochodce: skupinu samozvaných hrdinů obdařených schopnostmi, kteří přísahali, že zbaví svět přízračných. Zatímco Brighton se chce také zapojit do bojů, Emil si přeje, aby konečně zavládl mír. Právě u něj se však projeví síly, které z něj udělají hrdinu, jímž vždy chtěl být Brighton. Bratrské pouto, láska a věrnost budou vystaveny mnoha zkouškám - a nikdo neunikne bez újmy. Nakladatelská anotace. 
655 7 |a americké romány  |7 fd131796  |2 czenas 
655 7 |a fantasy romány  |7 fd184199  |2 czenas 
655 9 |a American fiction  |2 eczenas 
655 9 |a fantasy novels  |2 eczenas 
700 1 |a Hajžmanová, Kateřina,  |d 1993-  |7 kv2016937039  |4 trl 
910 2 |a BOA001  |b 1-1471.431 
928 9 |a Albatros Media - CooBoo 
990 |a BK 
995 |a 01 
991 |b 202108  |c NOV 
996 6 |b 2610874783  |c 1-1471.431  |l MZK  |r Sklad / do 1 hodiny  |n 0  |p p.v.  |w 001859989  |u 000010  |a 1  |e BOA001  |j MZK50  |s P